000 00421nam a2200181Ia 4500
001 14720
005 20260306164935.0
008 260306t2016||||xx |||||||||||||| ||spa||
041 _aESP
082 _a516.373
_bP48
100 _aPetersen, Peter
_eAUT
245 0 _aRiemannian geometry
260 _c2016
300 _axviii, 499 páginas :
_c24 cm.
650 _aGEN
654 _aCMA
942 _cLIB
_dJUS
_fJUS
_2ddc
_n
999 _c14720
_d14720